| 000 | 00719nam a22002297a 4500 | ||
|---|---|---|---|
| 003 | 0 | ||
| 005 | 20240925142659.0 | ||
| 008 | 240925b xxu||||| |||| 00| 0 eng d | ||
| 020 | _a9781138322493 | ||
| 050 |
_aHF 5385 _b.H39 2020 |
||
| 100 |
_aHawkins, Peter, _eauthor. |
||
| 245 |
_aSystemic coaching : _bdelivering value beyond the individual / _cPeter Hawkins and Eve Turner. |
||
| 260 |
_aOxon : _bRoutledge, _c2020. |
||
| 300 |
_axxv, 285 p. ; _c24 cm. |
||
| 504 | _aIncludes bibliographical references and index. | ||
| 650 | _aCoaching. | ||
| 650 |
_aTeams in the workplace _xManagement. |
||
| 650 | _aLeadership. | ||
| 650 |
_aEmployees _xCoaching of. |
||
| 700 |
_aTurner, Eve, _eauthor. |
||
| 942 |
_2lcc _cBK |
||
| 999 |
_c366394 _d366394 |
||